000 00438nam a2200145 i 4500
001 33671
003 ES-MaACL
007 t|
008 030203s1942 ddr ||||1| ger d
100 1 _aBeumelburg, Werner.
_928705
245 1 0 _aSperrfeuer un deustschland /
_cpor Werner Beumelburg.
260 _aLeipzig :
_bVerlag Bernhard Tauchnitz,
_c1942 (
_fOscar Brandstetter)
300 _a350 p. ;
_c19 cm.
852 _aES-MaACL
_jG-13242
_bR.19927
999 _c33671
_d33671